000
00324nam a22001457a 4500
008
210429b ||||| |||| 00| 0 eng d
020
_a
2900071338836
041
_a
eng
080
_2
5th
_a
33
082
_a
33
100
_a
58
101
_a
BIZ
245
_a
Business a Changing World
_c
Geoffrey A. Hirt
942
_2
udc
_c
BK
999
_c
56946
_d
56946